000 00456nam a2200181Ia 4500
008 151018s9999 xx 000 0 und d
082 _bRBASDV14254
_a824
100 _aHuley Julian
245 _aEssays in popular Science
250 _b1
260 _bPenguin Books
_c1937
300 _a256
600 _aHuley Julian
630 _aEssays in popular Science
700 _aHuley Julian
730 _aEssays in popular Science
942 _cBOOK
999 _c1015662
_d1015659